Así hablaba zaratustra (Registro nro. 10519)

Detalles MARC
000 -CABECERA
Longitud fija campo de control 00472nam a2200193 a 4500
003 - • IDENTIFICADOR DELl NÚMERO DE CONTROL
Identificador del número de control CO-ViMGA
008 - • CÓDIGOS DE INFORMACIÓN DE LONGITUD FIJA
Códigos de información de longitud fija 141112s2004 ck r 000 u spa d
040 ## - FUENTE DE LA CATALOGACIÓN
Centro catalogador de origen CO-ViMGA
Lengua de catalogación spa
Centro transcriptor CO-ViMGA
082 ## - • NÚMERO DE LA CLASIFICACIÓN DECIMAL DEWEY
Número de clasificación (R) 834.8 N437a
100 1# - • PUNTO DE ACCESO PRINCIPAL-NOMBRE DE PERSONA
Nombre de persona Nietzsche, Friedrich
245 10 - • TITULO PROPIAMENTE DICHO
Título Así hablaba zaratustra
250 ## - • MENCIÓN DE EDICIÓN
Mención de edición 5a
300 ## - • DESCRIPCIÓN FÍSICA
Extensión 183 p
490 ## - • MENCIÓN DE SERIE
Mención de serie Sepan cuantos, 395
650 14 - • PUNTO DE ACCESO ADICIONAL DE MATERIA - TÉRMINO DE MATERIA
Término de materia o nombre geográfico como elemento inicial ENSAYOS ALEMANES
942 ## - ENTRADA DE ELEMENTOS AGREGADOS (KOHA)
Fuente de clasificaión o esquema Dewey Decimal Classification
Koha [por defecto] tipo de item LIbro
Existencias
Perdido Fuente de clasificación o esquema Estado Físico No para préstamo Forma de adquisición Localización permanente Localización actual Fecha adquisición Préstamos totales Signatura completa Código de barras Fecha última consulta Número de copia Fecha del precio de reemplazo Tipo de item de Koha Serie de enumeración / cronolog&íacute;a
  Dewey Decimal Classification     Sala General Biblioteca Barrio Emporio - Villavicencio Biblioteca Barrio Emporio - Villavicencio 08/18/2016   834.8 N437a 37951 05/22/2017 Ej. 1 08/18/2016 LIbro  
  Dewey Decimal Classification     Sala General Biblioteca Comunitaria - Villavicencio Biblioteca Comunitaria - Villavicencio 08/18/2016   834.8 N437a 30280 08/18/2016 Ej. 1 08/18/2016 LIbro  
  Dewey Decimal Classification     Sala General Segundo Piso Biblioteca Pública Germán Arciniegas - Villavicencio Biblioteca Pública Germán Arciniegas - Villavicencio 12/04/2015   834.8 N437a 940 12/04/2015 Ej. 1 12/04/2015 LIbro Volumen. 1 | 11/jun/2009
  Dewey Decimal Classification     Sala General Segundo Piso Biblioteca Pública Germán Arciniegas - Villavicencio Biblioteca Pública Germán Arciniegas - Villavicencio 12/04/2015   834.8 N437a 0940 06/20/2017 Ej. 2 12/04/2015 LIbro Volumen. 2 | 11/jun/2009









Instituto Departamental de Cultura del Meta - Red Departamental de Bibliotecas Públicas del Meta.